000 00955nmm a2200265 a 4500
001 ocm000702330
003 TR-IsHL
005 20201028123600.0
008 130902s2010 tu tur
007 cr cn
035 _a702330
_b(N$T)
050 0 4 _aPK6480.T9
_bM48 2010
090 0 4 _aPK6480.T9
_bM48 2010
245 1 0 _aMevlana masalları: sevgi
_h[electronic resource] /
_cres. Çağatay Korkmazer ; ed. Derya Günay
260 _aİstanbul :
_bBirleşik Yayın Grubu,
_c2010
300 _a16 p.
650 4 _aDil ve Edebiyat
650 4 _aLanguage and Literature
650 0 _aMevlana Celaleddin Rumi, 1207-1273
_x Özlü sözler
_x Hikayeler
650 0 _aJalal al-Din Rumi, Maulana, 1207-1273
_x Beautiful words
_x Stories
650 7 _aRELIGION / Philosophy
_2bisacsh
700 1 _aKorkmazer, Çağatay
700 1 _aGünay, Derya
856 4 0 _uhttp://search.ebscohost.com/login.aspx?direct=true&scope=site&db=e011xww&AN=702330
999 _c2485
_d2485